MARC details
| 000 -CABECERA |
| campo de control de longitud fija |
01279nam a2200313 a 4500 |
| 001 - NÚMERO DE CONTROL |
| campo de control |
000023120 |
| 005 - FECHA Y HORA DE LA ÚLTIMA TRANSACCIÓN |
| campo de control |
20200930022012.0 |
| 008 - DATOS DE LONGITUD FIJA--INFORMACIÓN GENERAL |
| campo de control de longitud fija |
101126s1999 mx a 001 0 spa d |
| 020 ## - NÚMERO INTERNACIONAL ESTÁNDAR DEL LIBRO |
| Número Internacional Estándar del Libro |
9701702670 |
| 040 ## - FUENTE DE LA CATALOGACIÓN |
| Centro catalogador/agencia de origen |
DO-SdBNP |
| Lengua de catalogación |
spa |
| Centro/agencia transcriptor |
BNPHU |
| 082 ## - NÚMERO DE LA CLASIFICACIÓN DECIMAL DEWEY |
| Número de clasificación |
621.3815 |
| Número de documento/Ítem |
C854a, 1999 |
| 049 ## - FONDOS LOCALES (OCLC) |
| Fondos de biblioteca |
BNGR |
| 100 1# - ENTRADA PRINCIPAL--NOMBRE DE PERSONA |
| Nombre de persona |
Coughlin, Robert F. |
| 9 (RLIN) |
47595 |
| 240 10 - TÍTULO UNIFORME |
| Título uniforme |
Operational amplifiers & linear integrated circuits. |
| Lenguaje de la obra |
Español |
| 245 10 - MENCIÓN DE TÍTULO |
| Título |
Amplificadores operacionales y circuitos integrados lineales / |
| Mención de responsabilidad, etc. |
Robert F. Coughlin y Frederick F. Driscoll ; traducción de Raúl Bautista Gutiérrez ; revisión técnica de Agustín Suárez Fernández. |
| 250 ## - MENCIÓN DE EDICIÓN |
| Mención de edición |
5a ed. |
| 260 ## - PUBLICACIÓN, DISTRIBUCIÓN, ETC. |
| Lugar de publicación, distribución, etc. |
México : |
| Nombre del editor, distribuidor, etc. |
Prentice Hall, |
| Fecha de publicación, distribución, etc. |
1999. |
| 300 ## - DESCRIPCIÓN FÍSICA |
| Extensión |
xxix, 518 p. : |
| Otras características físicas |
il. ; |
| Dimensiones |
25 cm. |
| 534 ## - NOTA SOBRE LA VERSIÓN ORIGINAL |
| Encabezamiento principal del original |
Traducido de la quinta edición en inglés de la obra: |
| Mención de título del original |
Operational amplifiers & linear integrated circuits |
| 500 ## - NOTA GENERAL |
| Nota general |
Incluye índice. |
| 504 ## - NOTA DE BIBLIOGRAFÍA, ETC. |
| Nota de bibliografía, etc. |
Bibliografía: 506-507 p. |
| 650 #4 - PUNTO DE ACCESO ADICIONAL DE MATERIA--TÉRMINO DE MATERIA |
| Término de materia o nombre geográfico como elemento de entrada |
Amplificadores (electrónica) |
| 9 (RLIN) |
47596 |
| 650 #4 - PUNTO DE ACCESO ADICIONAL DE MATERIA--TÉRMINO DE MATERIA |
| Término de materia o nombre geográfico como elemento de entrada |
Amplificadores operacionales |
| 9 (RLIN) |
47597 |
| 650 #4 - PUNTO DE ACCESO ADICIONAL DE MATERIA--TÉRMINO DE MATERIA |
| Término de materia o nombre geográfico como elemento de entrada |
Circuitos eléctricos lineales |
| 9 (RLIN) |
47598 |
| 700 1# - PUNTO DE ACCESO ADICIONAL--NOMBRE DE PERSONA |
| Nombre de persona |
Driscoll, Frederick F. |
| 9 (RLIN) |
47599 |
| 700 1# - PUNTO DE ACCESO ADICIONAL--NOMBRE DE PERSONA |
| Nombre de persona |
Bautista Gutiérrez, Raúl, |
| Término indicativo de función/relación |
tr. |
| 9 (RLIN) |
47600 |
| 700 1# - PUNTO DE ACCESO ADICIONAL--NOMBRE DE PERSONA |
| Nombre de persona |
Suárez Fernández, Agustín, |
| Término indicativo de función/relación |
rev. |
| 9 (RLIN) |
47601 |
| 910 ## - DATOS DE OPCIÓN DEL USUARIO (OCLC) |
| Datos de opción del usuario |
WM |